000
00292nam a22001337a 4500
008
180919b xxu||||| |||| 00| 0 eng d
020
_a
9780582298385
041
_a
eng
080
_a
540
100
_a
12
101
_a
KIM
245
_a
A Question of Chemistry
_c
Garratt,J
942
_2
udc
_c
BK
999
_c
48090
_d
48090